Versi celebri della letteratura italiana - parte 1 - Statistics

Statistiche generali
  • Questo quiz è stato fatto 1.465 volte
  • Il punteggio medio è 8 su 10
Statistiche sulle risposte
Verso Autore % Corretto
Nel mezzo del cammin di nostra vitami ritrovai per una selva oscura, ché la diritta via era smarrita. Dante Alighieri
100%
Sempre caro mi fu quest'ermo collee questa siepe, che da tanta parte dell'ultimo orizzonte il guardo esclude. Giacomo Leopardi
94%
Si sta comed'autunno sugli alberi le foglie. Giuseppe Ungaretti
90%
Laudato sie, mi' Signore, cum tucte le tue creature,spetialmente messor lo frate sole,
lo qual è iorno, et allumini noi per lui.
Francesco d'Assisi
86%
Né più mai toccherò le sacre spondeove il mio corpo fanciulletto giacque. Ugo Foscolo
80%
Ascolta. Piovedalle nuvole sparse. Piove su le tamerici salmastre ed arse. Gabriele d'Annunzio
77%
Le donne, i cavalier, l'arme, gli amori,le cortesie, l'audaci imprese io canto. Ludovico Ariosto
76%
Solo et pensoso i più deserti campivo mesurando a passi tardi et lenti. Francesco Petrarca
75%
Addio, monti sorgenti dall'acque, ed elevati al cielo; cime inuguali, note a chi è cresciuto tra voi, e impresse nella sua mente, non meno che lo sia l'aspetto de' suoi più familiari. Alessandro Manzoni
64%
Chi vuol esser lieto, sia:di doman non c'è certezza. Lorenzo de' Medici
56%
Nessun quiz corrispondente trovato
Distribuzione punteggi
Percentuale di utenti per punteggio
Percentile per numero di risposta
I tuoi punteggi nel tempo
Non hai fatto questo quiz